Donne che ballano il tic tac /
Gorde:
| Egile Nagusiak: | , |
|---|---|
| Formatua: | Liburua |
| Hizkuntza: | italiera |
| Argitaratua: |
Milano :
Il dito e la luna,
2001
|
| Saila: | Il nome delle cose ;
5 |
| Etiketak: |
Etiketarik gabe, Izan zaitez lehena erregistro honi etiketa jartzen!
|
MARC
| LEADER | 00000nam a22000007i 4500 | ||
|---|---|---|---|
| 001 | IT\ICCU\UBO\2146587 | ||
| 003 | ItRI | ||
| 005 | 20250721114433.0 | ||
| 008 | 030325s2001 it |||||| ||||| |||||c | ||
| 020 | |a 888663319X | ||
| 040 | |b ita |c C | ||
| 041 | 7 | |a ita |2 ISO-639-2 | |
| 100 | 1 | |a Bennet, Vanya |0 IT\ICCU\UBOV\774697 |4 aut | |
| 245 | 1 | 0 | |a Donne che ballano il tic tac / |c di Vanya Bennet e Alex Lacerteux. |
| 260 | |a Milano : |b Il dito e la luna, |c 2001 | ||
| 300 | |a 191 p. ; |c 17 cm. | ||
| 700 | 1 | |a Lacerteux, Alex |0 IT\ICCU\UBOV\774698 |4 aut | |
| 830 | 3 | |a Il nome delle cose ; |v 5 |0 IT\ICCU\CFI\0320484 | |
| 942 | |2 ddc |c BK | ||
| 952 | |0 0 |1 0 |2 ddc |4 0 |6 800_000000000000000_BEN_DON |7 1 |9 316 |a GE |b GE |d 2015-03-08 |l 0 |o 800 BEN DON |p 2141 |r 2023-11-22 22:45:07 |w 2023-11-22 |y BK | ||
| 952 | |0 0 |1 0 |2 ddc |4 0 |6 800_000000000000000_BEN_DON |7 1 |9 317 |a GE |b GE |d 2015-03-08 |l 0 |o 800 BEN DON |p 2142 |r 2023-11-22 22:45:07 |w 2023-11-22 |y BK | ||
| 952 | |0 0 |1 0 |2 ddc |4 0 |6 853_920000000000000_BEN |7 1 |9 505 |a RM |b RM |d 2024-01-18 |l 0 |o 853.92 BEN |p 58 |r 2024-01-18 15:17:16 |w 2024-01-18 |y BK | ||
| 952 | |0 0 |1 0 |2 ddc |4 0 |6 B_LNR02BENVADON11 |7 0 |9 6023 |a MI |b MI |d 2006-06-10 |i 4329 |l 0 |o B-LNR02-BENVA-DON11 |p CDOM4329 |r 2025-07-13 16:28:09 |w 2025-07-13 |x ACQUISTO |y BK | ||
| 981 | 1 | |6 z01 |a i |b xxxe | |
| 982 | 1 | |6 z01 |a n | |
| 999 | |c 430 |d 430 | ||